| 000 | 00902nas a2200289 4500 | ||
|---|---|---|---|
| 001 | BR0906198 | ||
| 003 | BR-BrBNA | ||
| 005 | 20231205113508.0 | ||
| 007 | ta | ||
| 008 | 230509b bl.|||p| |||| 00| 00por d | ||
| 040 |
_aBR-BrBNA _bpor _cBiblioteca Nacional de Agricultura |
||
| 041 | _a(Pt) | ||
| 072 | _aQ04 | ||
| 100 | 1 | _aMachado, A.L. de L. | |
| 100 | 1 | _aBarcelos, M. de F.P. | |
| 100 | 1 | _aTeixeira, A.H.R. | |
| 100 | 1 | _aNogueira, D.A. | |
| 245 | 1 | _aAvaliação de componentes químicos em brotos de Fabaceae para o consumo humano | |
| 650 | _aFABACEAE | ||
| 650 | _aBROTO | ||
| 650 | _aCOMPOSIÇÃO QUÍMICA | ||
| 650 | _aCONSUMO ALIMENTAR | ||
| 773 | 0 |
_tCiência e Agrotecnologia (Brazil) _xISSN 1413-7054 _g(Jul-Aug 2009), v. 33(4) p. 1071-1078 _wBR0906198 |
|
| 856 | 4 | 0 | _uhttp://www.aprh.pt/rgci-155_Borges.pdf |
| 909 |
_a202311 _bLúcia _c55 _dLúcia Elande |
||
| 942 |
_2AGRIS _n0 _cANA |
||
| 999 |
_c204090 _d204090 |
||